000 02254nam a2200325 i 4500
003 EG-GICUC
005 20260509134154.0
008 260509s2021 ua |||fr|||| 00| 0 Ara d
017 _a10968
020 _a9789775043535
040 _a EG-GICUC
_bara
_c EG-GICUC
_d EG-GICUC
_erda
041 0 _aAra
082 0 4 _221
_a343.47
_bم ج
092 0 4 _221
099 _aLaw1 10 343.47 م ج 2021
245 0 0 _aمجموعة قوانين وتشريعات التظاهر والتجمهر والطوارئ :
_bشاملا . نص قرار رئيس الجمهورية بالقانون رقم ١٠٧ لسنة ۲۰۱۳ ، المعدل بالقانون رقم ١٤ لسنة ۲۰۱۷ ، مع لائحته التنفيذية والقرارات الوزارية المنفذة لأحكامه ، والمذكرات الايضاحية وتقارير مجلس النواب ، وأحكام المحكمة الدستورية العليا الصادرة بشأنه ، والكتب الدورية الصادرة من النائب العام ، مع ملحق بأحدث أحكام محكمة النقض المتعلقة بقضايا التظاهر ، مع نص قانون التجمهر رقم ١٠ لسنة ١٩١٤ وتعديلاته ومذكراته الايضاحية وجميع متعلقاته من احكام دستورية واحكام نقض وقرارات منفذة لأحكامه ، ونص قرار رئيس الجمهورية بالقانون رقم ١٦٢ السنة ١٩٥٨ بشأن حالة الطوارىء ، وفقا لآخر تعديلاته بالقانون رقم ٢٢ السنة ۲۰۲۰ ، وأحكام المحكمة الدستورية العليا الصادرة بشأنه.
264 1 _aالقاهرة :
_bدار العربى،
_c2021.
300 _a109 ؛صفحة
_c24 سم.
336 _2rda content
_atext
337 _2rda media
_aComputer
338 _2rda carrier
_aOnline Resource
500 _aإهداء من حسن على
546 _aالنص باللغة العربية
650 1 _aتشريعات جنائية خاصه أخرى
_2qrmak
650 1 _aالقانون الجنائى
_2qrmak
651 1 _2qrmak
856 4 0 _uhttps://fll.law.cu.edu.eg/fulltext/bks/B10-12145.pdf
905 _a54
942 _2ddc
_cBK
_e21
_n0
999 _c76376
_d76376